000
00271nam a22001217a 4500
008
170710b xxu||||| |||| 00| 0 eng d
041
_a
eng
080
_a
030
100
_a
23
101
_a
ENC
245
_a
ITALIAN RENAISSANCE ENCYCLOPEDIA
_c
AVERY,C.B
942
_2
udc
_c
BK
999
_c
20133
_d
20133